000 00557nam a2200169Ia 4500
008 090201s9999 xx 000 0 und d
010 _aKPL-62326
040 _bमराठी
041 _aमराठी
082 _a34991
_b62326
100 _aअरुण केळकर
245 _aइच्छापत्र का व कसे ?
_cअरुण केळकर
260 _c2004
_bऔदुंबर प्रकाशन
300 _a67
_bमोठा
600 _aइच्छापत्र का व कसे ?
942 _cBOOK
999 _c233167
_d233167